[Event "Challenge"]
[Site "http://www.queenalice.com/game.php?id=1528872"]
[Date "2018.5.28"]
[Round "-"]
[White "VictorArruda"]
[Black "bubu52"]
[Result "1-0"]
[WhiteElo "1911"]
[BlackElo "1793"]

1. d4 d5 2. c4 e5 3. cxd5 Qxd5 4. Nc3 Qxd4 5. Nf3 Qc5 6. e3 Nc6 7. Be2 Bg4 8.
O-O Bd6 9. h3 Bh5 10. a3 O-O-O 11. Bd2 f5 12. Rc1 f4 13. exf4 exf4 14. Ne4 Qf5
15. Qc2 Nf6 16. Nxd6+ Rxd6 17. Qxf5+ 1-0

[Event "Challenge"]
[Site "http://www.queenalice.com/game.php?id=1546606"]
[Date "2018.10.21"]
[Round "-"]
[White "bubu52"]
[Black "gfalk"]
[Result "0-1"]
[WhiteElo "1777"]
[BlackElo "1895"]

1. e4 c5 2. f4 Nc6 3. Nf3 e6 4. d4 cxd4 5. c4 Bc5 6. Bd2 d6 7. a3 a5 8. e5 Nge7
9. Bd3 Qb6 10. O-O Qxb2 11. exd6 Bxd6 12. Nxd4 Qxd4+ 13. Kh1 Qxd3 14. Nc3 Nf5
15. Be1 Qxf1# 0-1

[Event "Challenge"]
[Site "http://www.queenalice.com/game.php?id=1546607"]
[Date "2018.10.21"]
[Round "-"]
[White "bubu52"]
[Black "dioliz"]
[Result "0-1"]
[WhiteElo "1782"]
[BlackElo "2054"]

1. d4 d5 2. e4 dxe4 3. Bf4 Bf5 4. g4 Bg6 5. h4 h6 6. Nc3 e6 7. Bg2 Bb4 8. Qd2
Nd7 9. O-O-O Nb6 10. f3 Nc4 11. fxe4 Nxd2 12. Rxd2 Nf6 13. Nge2 Nxg4 14. d5 e5
15. Bg3 O-O 16. Bf3 Bxc3 17. Nxc3 h5 18. Bxg4 hxg4 19. Bxe5 Re8 20. Bg3 Bxe4 21.
Nxe4 Rxe4 22. Rf1 Re3 23. Bf4 Rh3 24. d6 cxd6 25. Rxd6 Qxh4 26. Rd7 Rf3 0-1

[Event "Challenge"]
[Site "http://www.queenalice.com/game.php?id=1549849"]
[Date "2018.11.20"]
[Round "-"]
[White "bubu52"]
[Black "thalys47"]
[Result "0-1"]
[WhiteElo "1766"]
[BlackElo "1720"]

1. e4 c5 2. f4 e6 3. Nf3 Nc6 4. d4 cxd4 5. Bb5 a6 6. Ba4 Qa5+ 7. c3 dxc3 8. Nxc3
Bb4 9. Bd2 Nge7 10. a3 Bxc3 11. Bxc3 Qc7 12. Bxg7 Rg8 13. Bf6 Qxf4 14. Bxc6 bxc6
15. Qd6 Qxf6 16. O-O Qxb2 17. Ne5 Qxg2# 0-1

[Event "Challenge"]
[Site "http://www.queenalice.com/game.php?id=1552108"]
[Date "2018.12.7"]
[Round "-"]
[White "MADMIKE"]
[Black "bubu52"]
[Result "0-1"]
[WhiteElo "1832"]
[BlackElo "1748"]

1. d4 d5 2. Nc3 Nf6 3. h3 e6 4. a3 c5 5. e3 Nc6 6. Nf3 Bd6 7. Be2 cxd4 8. exd4
O-O 9. O-O h6 10. Bd3 a6 11. Re1 b5 12. b4 Qb6 13. Be3 Bb7 14. Kh1 Qc7 15. Ne5
Nxe5 16. Ne2 Ne4 17. Bxe4 dxe4 18. dxe5 Bxe5 19. Rb1 f5 20. Bc5 Rfd8 21. Qc1 Qf7
22. f4 exf3 23. gxf3 Bxf3+ 24. Kg1 Qg6+ 25. Kf2 Qg2+ 26. Ke3 f4+ 27. Nxf4 Bxf4+
28. Kxf4 g5+ 29. Ke5 Qg3+ 30. Kxe6 Bd5+ 31. Kf6 Qf3+ 32. Ke5 Qc3+ 33. Bd4 Re8+
34. Kxd5 Rad8# 0-1

[Event "Challenge"]
[Site "http://www.queenalice.com/game.php?id=1552109"]
[Date "2018.12.7"]
[Round "-"]
[White "bubu52"]
[Black "MADMIKE"]
[Result "1-0"]
[WhiteElo "1767"]
[BlackElo "1823"]

1. e4 e5 2. f4 d6 3. Nf3 Bg4 4. h3 Bxf3 5. Qxf3 Nf6 6. Nc3 a6 7. fxe5 dxe5 8.
Bc4 Be7 9. O-O O-O 10. Nd5 Nxd5 11. Bxd5 Qe8 12. Bxb7 Ra7 13. Bd5 c6 14. Bb3 Nd7
15. c3 Nc5 16. Bc2 Ne6 17. d3 Bc5+ 18. Kh1 Bd6 19. Be3 Rb7 20. Bb3 c5 21. Rad1
a5 22. Qg4 Kh8 23. Rf5 f6 24. Rh5 g6 25. Rh6 Ng5 26. Bxg5 fxg5 27. Qxg5 Rg7 28.
Kg1 Be7 29. Qxe5 Qd8 30. d4 Bf6 31. Qxc5 Be7 32. Qe5 Bf6 33. Qg3 Bg5 34. Rxh7+
Rxh7 35. e5 Qe7 36. d5 Kg7 37. d6 Qa7+ 38. Rd4 Bf4 39. Qd3 a4 40. Bc2 Rh6 41. d7
Rd8 42. e6 Bg5 43. Kh1 Bf6 44. Rg4 g5 45. Qf5 Qe3 46. Be4 Qc1+ 47. Kh2 Qxb2 48.
Rxg5+ Bxg5 49. Qxg5+ Kf8 50. Qxd8+ 1-0

[Event "Challenge"]
[Site "http://www.queenalice.com/game.php?id=1559110"]
[Date "2019.2.1"]
[Round "-"]
[White "Magogue"]
[Black "bubu52"]
[Result "1/2-1/2"]
[WhiteElo "1582"]
[BlackElo "1844"]

1. e4 e5 2. Nf3 Nc6 3. Bb5 Nf6 4. O-O Bc5 5. Nxe5 Nxe5 6. d4 Bd6 7. dxe5 Bxe5 8.
f4 Bd6 9. Kh1 Nxe4 10. Re1 f5 11. Nc3 O-O 12. Nxe4 fxe4 13. Qd5+ Kh8 14. Qxe4
Qh4 15. g3 Qh5 16. Bd2 c6 17. Bd3 Bc5 18. b4 d5 19. Qxh7+ Qxh7 20. Bxh7 Bf2 21.
Re2 Bxg3 22. hxg3 Kxh7 23. Re7 Bf5 24. Bc3 Rg8 25. Rxb7 Bxc2 26. Re1 Be4+ 27.
Kg1 Kg6 28. Bd4 a5 29. bxa5 Rxa5 30. Rb2 Rh8 31. Ree2 Rh1+ 32. Kf2 Rh2+ 33. Kg1
Rxe2 34. Rxe2 Ra3 35. Bf2 Kf5 36. Rb2 g5 37. fxg5 Kxg5 38. Kf1 Kg4 39. Ke1 Rd3
40. Ke2 d4 41. Rb3 Rxb3 42. axb3 c5 43. Kd2 Kf3 44. Be1 Bd5 45. Kc2 Ke2 46. Ba5
Be4+ 47. Kc1 Kf3 48. Be1 Bd5 49. Ba5 Kxg3 50. Bb6 Bxb3 51. Bxc5 d3 52. Kd2 Bc2
53. Be3 Kf3 1/2-1/2

[Event "Challenge"]
[Site "http://www.queenalice.com/game.php?id=1559111"]
[Date "2019.2.1"]
[Round "-"]
[White "bubu52"]
[Black "Magogue"]
[Result "0-1"]
[WhiteElo "1834"]
[BlackElo "1630"]

1. e4 e5 2. f4 exf4 3. Nf3 Be7 4. d4 g5 5. Bc4 d6 6. O-O Bg4 7. Nc3 c6 8. h3 Be6
9. Bxe6 fxe6 10. e5 d5 11. Nh2 Nd7 12. Qh5+ Kf8 13. Ng4 Qe8 14. Qxe8+ Kxe8 15.
g3 h5 16. Nf6+ Ngxf6 17. exf6 Bxf6 18. gxf4 Bxd4+ 19. Kh1 g4 20. h4 Bxc3 21.
bxc3 Nf6 22. f5 e5 23. Bg5 Ne4 24. Rae1 Kf7 25. Re3 Rag8 26. c4 Re8 27. Rb1 b6
28. cxd5 cxd5 29. Rb5 Nc5 30. a4 d4 31. Re1 e4 32. a5 Re5 33. axb6 axb6 34. Rxb6
Rxf5 35. Ra1 Rd5 36. Ra7+ Rd7 37. Rxd7+ Nxd7 38. Rd6 Nc5 39. Rxd4 Re8 40. Rd5
Na4 41. Bd2 e3 42. Be1 Kg6 43. Kg2 Rc8 44. c3 Nxc3 45. Bxc3 Rxc3 46. Kf1 Rc2 47.
Rg5+ Kh6 48. Re5 e2+ 49. Rxe2 Rxe2 50. Kxe2 Kg6 51. Kf2 Kf5 52. Ke3 Ke5 53. Kf2
Kf4 54. Kg2 Ke3 55. Kg3 Ke4 56. Kh2 Kf3 57. Kg1 Kg3 58. Kh1 Kxh4 59. Kh2 Kg5 60.
Kg2 Kf4 61. Kf2 g3+ 62. Kg2 Kg4 63. Kh1 Kh3 64. Kg1 g2 0-1

[Event "Challenge"]
[Site "http://www.queenalice.com/game.php?id=1564555"]
[Date "2019.3.17"]
[Round "-"]
[White "bubu52"]
[Black "linmatheus"]
[Result "1-0"]
[WhiteElo "1785"]
[BlackElo "1752"]

1. e4 e5 2. f4 exf4 3. Nf3 Nc6 4. d4 Nf6 5. e5 Nd5 6. Bc4 Nb6 7. Bb3 d6 8. Bxf4
Be6 9. Bxe6 fxe6 10. O-O dxe5 11. Nxe5 Nxe5 12. Bxe5 Nd5 13. Qh5+ g6 14. Qf3 Be7
15. Bxh8 Kd7 16. Be5 c6 17. Nc3 Qb6 18. Na4 Qb5 19. Nc5+ Bxc5 20. dxc5 Qxc5+ 21.
Kh1 Ne3 22. Qf7+ Qe7 23. Rad1+ Nd5 24. Qf4 Ke8 25. Qh6 Kd7 26. c4 1-0

[Event "Challenge"]
[Site "http://www.queenalice.com/game.php?id=1566332"]
[Date "2019.4.2"]
[Round "-"]
[White "bubu52"]
[Black "thalys47"]
[Result "1-0"]
[WhiteElo "1812"]
[BlackElo "1740"]

1. d4 c5 2. d5 d6 3. Nc3 Nf6 4. e4 e6 5. Bg5 Be7 6. Qf3 O-O 7. O-O-O Nbd7 8. Bb5
a6 9. Bxd7 Bxd7 10. e5 Nxd5 11. Bxe7 Qxe7 12. exd6 Qxd6 13. Nxd5 exd5 14. Rxd5
Qh6+ 15. Kb1 Rfe8 16. Ne2 Bc6 17. Nc3 Qe6 18. Qd1 Bxd5 19. Nxd5 Rad8 20. c4 Qf5+
21. Ka1 Qxf2 22. b3 Re2 23. Ne7+ Kf8 24. Qxd8# 1-0

[Event "Challenge"]
[Site "http://www.queenalice.com/game.php?id=1566333"]
[Date "2019.4.2"]
[Round "-"]
[White "bubu52"]
[Black "caradepau"]
[Result "1-0"]
[WhiteElo "1800"]
[BlackElo "1701"]

1. d4 d5 2. c4 h6 3. Nc3 Nf6 4. c5 Bf5 5. e3 a6 6. Qb3 b5 7. Nf3 e6 8. a4 Nc6 9.
axb5 Na7 10. bxa6 Bg4 11. Ne5 Rb8 12. Qa4+ Ke7 13. Nb5 Nxb5 14. Nc6+ Ke8 15.
Nxd8 Kxd8 16. Bxb5 g5 17. a7 Ra8 18. Bc6 Rb8 19. axb8=Q+ Ke7 20. Qxc7+ Nd7 21.
Bxd7 f5 22. Qe5 Kf7 23. Be8+ Kg8 24. Qxe6+ Kg7 25. Qf7# 1-0

[Event "Challenge"]
[Site "http://www.queenalice.com/game.php?id=1568722"]
[Date "2019.4.25"]
[Round "-"]
[White "bubu52"]
[Black "jambalaya"]
[Result "1-0"]
[WhiteElo "1825"]
[BlackElo "1892"]

1. e4 c5 2. d4 Nf6 3. e5 Nd5 4. c4 Nb4 5. a3 N4a6 6. d5 d6 7. Nf3 e6 8. Bg5 Be7
9. Bxe7 Qxe7 10. dxe6 Qxe6 11. Nc3 dxe5 12. Bd3 O-O 13. O-O Nc7 14. Bxh7+ Kh8
15. Bd3 Qh6 16. Nxe5 Nc6 17. Qe2 Nxe5 18. Qxe5 Ne6 19. h3 Ng5 20. f4 Ne6 21. f5
f6 22. Qg3 Ng5 23. Rae1 b6 24. h4 Nf7 25. Re7 Ba6 26. Qc7 Qe3+ 27. Rxe3 Ne5 28.
Rxe5 1-0

[Event "Challenge"]
[Site "http://www.queenalice.com/game.php?id=1568723"]
[Date "2019.4.25"]
[Round "-"]
[White "noodle"]
[Black "bubu52"]
[Result "0-1"]
[WhiteElo "1752"]
[BlackElo "1807"]

1. e4 e5 2. Nf3 Nf6 3. Nxe5 Nxe4 4. Qe2 d6 5. Nf3 Qe7 6. Nc3 Nxc3 7. dxc3 Be6 8.
Be3 Nc6 9. O-O-O O-O-O 10. a4 h6 11. b4 a6 12. b5 Na5 13. h4 d5 14. Ne5 f6 15.
Ng6 Qa3+ 16. Kd2 Nc4+ 17. Ke1 Qxc3+ 18. Bd2 Nxd2 19. Qxd2 Qa3 20. Nxh8 Bb4 21.
c3 Bxc3 22. Qxc3 Qxc3+ 23. Rd2 Rxh8 24. h5 d4 25. Bd3 Bb3 0-1

[Event "Challenge"]
[Site "http://www.queenalice.com/game.php?id=1569173"]
[Date "2019.4.29"]
[Round "-"]
[White "ivansm"]
[Black "bubu52"]
[Result "1-0"]
[WhiteElo "1833"]
[BlackElo "1810"]

1. e4 e5 2. Nf3 Nc6 3. Bc4 Bc5 4. Nc3 Nf6 5. h3 O-O 6. O-O Na5 7. Bb3 Nxb3 8.
axb3 d6 9. d3 a6 10. Bg5 h6 11. Bh4 g5 12. Bg3 Nh5 13. Kh2 f5 14. exf5 Rxf5 15.
Ne4 Qf8 16. Nxc5 dxc5 17. Nxe5 Nxg3 18. fxg3 Rxf1 19. Qxf1 Be6 20. Qxf8+ Rxf8
21. Kg1 Rf5 22. Re1 Kg7 23. Ng4 Bd5 24. Re7+ Rf7 25. Re5 Bc6 26. Rxc5 Re7 27.
Re5 Rxe5 28. Nxe5 Be8 29. Kf2 Kf6 30. d4 h5 31. Kf3 b6 32. c3 c5 33. h4 g4+ 34.
Ke4 cxd4 35. Kxd4 Ke6 36. b4 Ba4 37. Nc4 b5 38. Ne3 Kd6 39. Nf5+ Ke6 40. Ng7+
Kd6 41. Nxh5 Bb3 42. Nf6 Bd1 43. Ke4 Ke6 44. Nd5 Bc2+ 45. Kd4 Kf5 46. h5 Bb3 47.
Nf4 Kg5 48. Kc5 1-0

[Event "Challenge"]
[Site "http://www.queenalice.com/game.php?id=1572157"]
[Date "2019.5.25"]
[Round "-"]
[White "bubu52"]
[Black "thalys47"]
[Result "1-0"]
[WhiteElo "1821"]
[BlackElo "1743"]

1. e4 c5 2. Nc3 e6 3. f4 Nc6 4. Nf3 a6 5. Be2 Qc7 6. a3 Nge7 7. d4 cxd4 8. Nxd4
Ng6 9. Be3 e5 10. Nxc6 bxc6 11. f5 Ne7 12. O-O f6 13. Bh5+ g6 14. fxg6 hxg6 15.
Be2 f5 16. exf5 Nxf5 17. Bg5 e4 18. Bf4 d6 19. Nxe4 Bb7 20. Nf6+ Kf7 21. Ng4 c5
22. Bc4+ Kg7 23. Bg5 d5 24. Bf6+ Kg8 25. Bxd5+ Bxd5 26. Qxd5+ Qf7 27. Qxa8 Rh7
28. Rae1 Qc7 29. Re8 Rf7 30. Rxf5 gxf5 31. Nh6+ Kh7 32. Nxf7 Qxf7 33. Rxf8 Qd7
34. Rd8 Qf7 35. Rh8+ Kg6 36. Bh4 Qe6 37. Qf3 Qb6 38. Qh5+ Kg7 39. Qh7# 1-0

[Event "Challenge"]
[Site "http://www.queenalice.com/game.php?id=1572671"]
[Date "2019.5.29"]
[Round "-"]
[White "bubu52"]
[Black "Marcio_Faria"]
[Result "1-0"]
[WhiteElo "1825"]
[BlackElo "1822"]

1. e4 c5 2. Nc3 Nc6 3. f4 a6 4. Nf3 d6 5. a3 Bg4 6. h3 Bxf3 7. Qxf3 Nd4 8. Qd1
e6 9. d3 Qh4+ 10. Kd2 Qf2+ 11. Ne2 g6 12. c3 Nb3+ 13. Qxb3 Bh6 14. Qxb7 Bxf4+
15. Kc2 Rd8 16. Bxf4 Nf6 17. Qc6+ Kf8 18. Bxd6+ Kg7 19. Bg3 Qe3 20. Rd1 Rc8 21.
Qxa6 c4 22. Bf4 Qf2 23. e5 Nd5 24. Bg5 h6 25. dxc4 Ne3+ 26. Bxe3 Qxe3 27. Nd4
Qxe5 28. Bd3 1-0

[Event "Challenge"]
[Site "http://www.queenalice.com/game.php?id=1575260"]
[Date "2019.6.23"]
[Round "-"]
[White "bubu52"]
[Black "Brizzio"]
[Result "0-1"]
[WhiteElo "1834"]
[BlackElo "1934"]

1. e4 e5 2. f4 exf4 3. Nf3 Nc6 4. Bc4 Nf6 5. Ng5 d5 6. exd5 Nxd5 7. h4 h6 8.
Nxf7 Kxf7 9. Qh5+ Kf6 10. O-O Bc5+ 11. Kh1 Be6 12. Bxd5 Bxd5 13. Rxf4+ Ke7 14.
Nc3 Be6 15. Qg6 Bd4 16. Ne4 Rf8 17. Rf3 Rxf3 18. gxf3 Qf8 19. Qg3 Be5 20. Qf2
Nd4 21. d3 b6 22. f4 Bf6 23. c3 Nc6 24. Be3 Rd8 25. f5 Bd5 26. c4 Bxe4+ 27. dxe4
Bd4 28. Rf1 Bxe3 29. Qxe3 Qf6 30. c5 Qxh4+ 31. Kg2 Qg4+ 32. Kh2 Ne5 33. Rf4 Qh5+
34. Kg2 Rd3 0-1

[Event "Challenge"]
[Site "http://www.queenalice.com/game.php?id=1577476"]
[Date "2019.7.16"]
[Round "-"]
[White "bubu52"]
[Black "jenyasm"]
[Result "0-1"]
[WhiteElo "1822"]
[BlackElo "1751"]

1. e4 e5 2. f4 exf4 3. Nf3 d6 4. d4 Nf6 5. Bxf4 Qe7 6. Bd3 d5 7. e5 Nfd7 8. O-O
Nc6 9. c4 dxc4 10. Bxc4 Nb6 11. Bb3 Be6 12. d5 Qc5+ 13. Kh1 Bxd5 14. Nc3 Bxf3
15. Qxf3 O-O-O 16. Bg5 Be7 17. Bxe7 Qxe7 18. Bxf7 Nxe5 19. Qh3+ Nbd7 20. Rae1
Rhf8 21. Nd5 Qd6 22. Be6 Rxf1+ 23. Rxf1 c6 24. Rd1 cxd5 25. Rxd5 Qc6 26. Qe3
Qxe6 0-1

[Event "Challenge"]
[Site "http://www.queenalice.com/game.php?id=1577940"]
[Date "2019.7.20"]
[Round "-"]
[White "bubu52"]
[Black "roda"]
[Result "1-0"]
[WhiteElo "1800"]
[BlackElo "2013"]

1. e4 e5 2. f4 exf4 3. Nf3 d6 4. Bc4 Nf6 5. O-O c6 6. d4 Nh5 7. e5 Bg4 8. exd6
Bxd6 9. h3 Be6 10. Bxe6 fxe6 11. Ne5 Qg5 12. Nc3 O-O 13. Ne4 Qd8 14. Qxh5 Rf5
15. Qf3 Bxe5 16. dxe5 Qd4+ 17. Kh1 Qxe5 18. Bxf4 Qxb2 19. Rab1 Qxa2 20. Rxb7 g6
21. Ng5 h5 22. Qg3 Qd5 23. Ne4 Nd7 24. Qxg6+ Kh8 25. Ng3 h4 26. Nxf5 exf5 27.
Bh6 Rg8 28. Rxd7 Qxd7 29. Qf6+ Kh7 30. Bf8 Rxf8 31. Qxf8 Kg6 32. Qg8+ Kh6 33.
Qc4 Kg5 34. Qf4+ Kh5 35. Qxf5+ Qxf5 36. Rxf5+ Kg6 37. Ra5 1-0

[Event "Challenge"]
[Site "http://www.queenalice.com/game.php?id=1579138"]
[Date "2019.8.2"]
[Round "-"]
[White "bubu52"]
[Black "swabeyd"]
[Result "0-1"]
[WhiteElo "1813"]
[BlackElo "1878"]

1. e4 e5 2. f4 exf4 3. Nf3 g5 4. Bc4 Bg7 5. d4 d6 6. O-O Nc6 7. a3 g4 8. Bxf4
gxf3 9. Qxf3 Bxd4+ 10. Kh1 Be6 11. Bxe6 fxe6 12. Qh5+ Kd7 13. c3 Be5 14. Bg5
Nge7 15. Rf7 Rf8 16. Nd2 Rxf7 17. Qxf7 Qg8 18. Qh5 Rf8 19. Nc4 Qg6 20. Qg4 h6
0-1

[Event "Challenge"]
[Site "http://www.queenalice.com/game.php?id=1582416"]
[Date "2019.9.4"]
[Round "-"]
[White "bubu52"]
[Black "elisa"]
[Result "0-1"]
[WhiteElo "1841"]
[BlackElo "1925"]

1. e4 e5 2. f4 exf4 3. Nf3 Nf6 4. Nc3 d5 5. e5 Nh5 6. d4 Bg4 7. Be2 Bb4 8. O-O
Nc6 9. h3 Bf5 10. Nh2 Qg5 11. Bxh5 Bxh3 12. Rf2 Be6 13. Bxf4 Qe7 14. a3 Bxc3 15.
bxc3 O-O 16. Qd2 Rae8 17. Raf1 Qxa3 18. Ng4 Bxg4 0-1